[Event "ESP-ch U18"]
[Site "Salobrena"]
[Date "2021.07.30"]
[Round "7"]
[White "Rodriguez del Cerro, Ricardo"]
[Black "Lin, Ying Rui"]
[Result "1-0"]
[WhiteElo "2019"]
[BlackElo "2324"]
[PlyCount "119"]
[EventDate "2021.07.26"]
[EventType "swiss"]
[EventRounds "9"]
[EventCountry "ESP"]
[SourceTitle "CBM 203 Extra"]
[Source "ChessBase"]
[SourceDate "2021.09.30"]
[SourceVersion "1"]
[SourceVersionDate "2021.09.30"]
[SourceQuality "1"]

1. Nf3 Nf6 2. c4 b6 3. g3 Bb7 4. Bg2 g6 5. b3 Bg7 6. Bb2 0-0 7. 0-0 e6 8. d4 c5 9. Nc3 Ne4 10. Qc2 d5 11. dxc5 Nxc5 12. cxd5 exd5 13. Rad1 Nba6 14. Nb5 Bxb2 15. Qxb2 Ne4 16. Ne5 Nf6 17. e4 d4 18. Nxd4 Qe8 19. Nec6 Bxc6 20. Nxc6 Qxc6 21. e5 Ne4 22. Qd4 Nac5 23. b4 Rad8 24. Qxd8 Rxd8 25. Rxd8+ Kg7 26. bxc5 Qc7 27. Bxe4 Qxd8 28. c6 Qd4 29. Bf3 Qc3 30. Kg2 g5 31. g4 h5 32. h3 hxg4 33. hxg4 Qxe5 34. Rd1 Qc5 35. Rd7 Kf6 36. Rxa7 b5 37. Rd7 Qc4 38. c7 Kg7 39. Kh3 Qf1+ 40. Kg3 Qg1+ 41. Bg2 Qc1 42. Bd5 Qf4+ 43. Kh3 Qc1 44. Rxf7+ Kg6 45. Rd7 Kf6 46. Rd6+ Ke5 47. Rc6 Qf1+ 48. Kg3 Kxd5 49. c8Q Qg1+ 50. Kf3 Qh1+ 51. Ke2 Qe4+ 52. Kd2 Qd4+ 53. Kc2 Qa4+ 54. Kb1 Qb4+ 55. Ka1 Qd4+ 56. Rc3 Qd1+ 57. Rc1 Qd4+ 58. Qc3 Qxf2 59. Qc6+ Ke5 60. Qc5+ 1-0

[Event "ESP-ch U18"]
[Site "Salobrena"]
[Date "2021.07.26"]
[Round "2"]
[White "Sanchez Elena, Lucia"]
[Black "Rodriguez del Cerro, Ricardo"]
[Result "0-1"]
[WhiteElo "1666"]
[BlackElo "2019"]
[PlyCount "74"]
[EventDate "2021.07.26"]
[EventType "swiss"]
[EventRounds "9"]
[EventCountry "ESP"]
[SourceTitle "CBM 203 Extra"]
[Source "ChessBase"]
[SourceDate "2021.09.30"]
[SourceVersion "1"]
[SourceVersionDate "2021.09.30"]
[SourceQuality "1"]

1. e4 e6 2. d4 d5 3. exd5 exd5 4. Bd3 Bd6 5. Nf3 Ne7 6. 0-0 0-0 7. Nc3 c6 8. Re1 f6 9. h3 Bf5 10. Ne2 Bxd3 11. Qxd3 Ng6 12. c3 a5 13. a4 Na6 14. Qf5 Qc7 15. Be3 Rae8 16. Nc1 Re4 17. Nd2 Ree8 18. Nf3 Qf7 19. Nd3 Re4 20. Bd2 Rfe8 21. Re3 Nb8 22. Qh5 Nd7 23. Rae1 Nb6 24. b3 h6 25. Nc1 f5 26. Rxe4 dxe4 27. Nh4 Nxh4 28. Qxh4 Nd5 29. Ne2 f4 30. c4 e3 31. Bxa5 Be7 32. Qg4 exf2+ 33. Kxf2 h5 34. Qf3 Bh4+ 35. g3 Re3 36. Qg2 f3 37. cxd5 Rxe2+ 0-1

[Event "ESP-ch U18"]
[Site "Salobrena"]
[Date "2020.08.18"]
[Round "3"]
[White "Rodriguez del Cerro, Ricardo"]
[Black "Ledesma Claros, Daniel"]
[Result "0-1"]
[WhiteElo "2217"]
[BlackElo "2060"]
[PlyCount "82"]
[EventDate "2020.08.17"]
[EventType "swiss"]
[EventRounds "9"]
[EventCountry "ESP"]
[SourceTitle "CBM 197 Extra"]
[Source "ChessBase"]
[SourceDate "2020.09.30"]
[SourceVersion "1"]
[SourceVersionDate "2020.09.30"]
[SourceQuality "1"]

1. Nf3 Nc6 2. d4 d6 3. c4 e5 4. d5 Nb8 5. e4 a5 6. Nc3 Nf6 7. g3 g6 8. Bg2 Bg7 9. 0-0 0-0 10. Be3 b6 11. h3 Na6 12. Qc2 Nh5 13. Rac1 Qe8 14. b3 f5 15. exf5 gxf5 16. Ng5 e4 17. a3 h6 18. Ne6 Bxe6 19. dxe6 Qxe6 20. Nd5 Rae8 21. Qe2 Qf7 22. Rfd1 Nf6 23. Nf4 Nd7 24. c5 Ndxc5 25. b4 axb4 26. axb4 Nxb4 27. Qd2 Ncd3 28. Nxd3 Nxd3 29. Rc2 Kh7 30. Bf1 Ne5 31. Qc1 Re7 32. Qa3 Rd8 33. Rdc1 d5 34. Qa7 d4 35. Rxc7 Rdd7 36. Rxd7 Rxd7 37. Qxb6 dxe3 38. Qxe3 Nf3+ 39. Kh1 Rd2 40. Be2 Bd4 41. Qf4 Rxe2 0-1

[Event "ESP-ch rapid"]
[Site "Linares"]
[Date "2019.08.24"]
[Round "7"]
[White "Fernandez Garcia, Jose Miguel"]
[Black "Rodriguez del Cerro, Ricardo"]
[Result "1-0"]
[WhiteElo "2390"]
[BlackElo "2184"]
[PlyCount "21"]
[EventDate "2019.08.24"]
[EventType "swiss (rapid)"]
[EventRounds "9"]
[EventCountry "ESP"]
[SourceTitle "EXT 2020"]
[Source "ChessBase"]
[SourceDate "2019.10.17"]
[SourceVersion "1"]
[SourceVersionDate "2019.10.17"]
[SourceQuality "1"]

1. e4 e6 2. d4 d5 3. Nc3 Bb4 4. e5 b6 5. Qg4 Bf8 6. Nf3 Qd7 7. Bb5 c6 8. Ba4 b5 9. Bb3 c5 10. dxc5 Bxc5 11. Qxg7 1-0

[Event "ESP-ch rapid"]
[Site "Linares"]
[Date "2019.08.24"]
[Round "5"]
[White "Gomez Peco, David"]
[Black "Rodriguez del Cerro, Ricardo"]
[Result "0-1"]
[WhiteElo "2104"]
[BlackElo "2184"]
[PlyCount "60"]
[EventDate "2019.08.24"]
[EventType "swiss (rapid)"]
[EventRounds "9"]
[EventCountry "ESP"]
[SourceTitle "EXT 2020"]
[Source "ChessBase"]
[SourceDate "2019.10.17"]
[SourceVersion "1"]
[SourceVersionDate "2019.10.17"]
[SourceQuality "1"]

1. e4 e6 2. d4 d5 3. Bd3 c5 4. exd5 exd5 5. Nf3 Nf6 6. 0-0 c4 7. Re1+ Be7 8. Bf1 0-0 9. b3 cxb3 10. axb3 Nc6 11. h3 Bf5 12. c4 Ne4 13. c5 Bf6 14. Bb2 Nxc5 15. Ba3 Ne4 16. Bxf8 Qxf8 17. Bb5 Nb4 18. Ne5 Rc8 19. Bd7 Bxd7 20. Nxd7 Qd6 21. Nxf6+ Qxf6 22. f3 Nc2 23. fxe4 Nxe1 24. Na3 Nxg2 25. Kxg2 dxe4 26. Nc4 b5 27. Ne5 Qg5+ 28. Kh1 h5 29. Qe2 Rc3 30. Rg1 Rxh3+ 0-1

[Event "ESP-ch rapid"]
[Site "Linares"]
[Date "2019.08.24"]
[Round "6"]
[White "Rodriguez del Cerro, Ricardo"]
[Black "Exposito Amaro, Josue"]
[Result "1/2-1/2"]
[WhiteElo "2184"]
[BlackElo "2309"]
[PlyCount "124"]
[EventDate "2019.08.24"]
[EventType "swiss (rapid)"]
[EventRounds "9"]
[EventCountry "ESP"]
[SourceTitle "EXT 2020"]
[Source "ChessBase"]
[SourceDate "2019.10.17"]
[SourceVersion "1"]
[SourceVersionDate "2019.10.17"]
[SourceQuality "1"]

1. Nf3 e6 2. c4 f5 3. e3 Nf6 4. Be2 b6 5. 0-0 Bb7 6. b3 Be7 7. Bb2 0-0 8. d4 d6 9. d5 e5 10. Ng5 Bc8 11. Nc3 Na6 12. f4 h6 13. Ne6 Bxe6 14. dxe6 e4 15. Nb5 c5 16. Bxf6 Rxf6 17. g4 g6 18. gxf5 gxf5 19. Bh5 Kh7 20. Bf7 Nb4 21. Kh1 Nd3 22. Qe2 Qf8 23. Nc7 Rxf7 24. exf7 Rc8 25. Qh5 Rxc7 26. Qxf5+ Kh8 27. Qxe4 Bf6 28. Rad1 Nb4 29. Rxd6 Rxf7 30. Re6 Re7 31. Rxe7 Qxe7 32. Qxe7 Bxe7 33. Rf2 Kg7 34. Rd2 Kf6 35. Kg2 a6 36. Kf3 b5 37. Rd7 Nxa2 38. Rb7 b4 39. Rb6+ Kg7 40. Rxa6 Nc1 41. f5 Nxb3 42. Rg6+ Kf7 43. Rxh6 Nd2+ 44. Kf4 Nxc4 45. Rh7+ Kf6 46. Rh6+ Kf7 47. Rh7+ Ke8 48. e4 b3 49. Rh3 b2 50. Rb3 Bf6 51. h4 Nd2 52. Rb8+ Kf7 53. e5 b1Q 54. Rxb1 Nxb1 55. exf6 Na3 56. h5 Kxf6 57. h6 c4 58. Ke4 c3 59. Kd3 Nb5 60. Kc2 Nd4+ 61. Kxc3 Nxf5 62. h7 Kg7 1/2-1/2

[Event "Iberoamerican-ch 7th"]
[Site "Linares"]
[Date "2019.08.12"]
[Round "3"]
[White "Rodriguez del Cerro, Ricardo"]
[Black "Lopez Mulet, Inigo"]
[Result "1-0"]
[WhiteElo "2184"]
[BlackElo "2397"]
[PlyCount "51"]
[EventDate "2019.08.10"]
[EventType "swiss"]
[EventRounds "9"]
[EventCountry "ESP"]
[SourceTitle "CBM 191 Extra"]
[Source "ChessBase"]
[SourceDate "2019.09.30"]
[SourceVersion "1"]
[SourceVersionDate "2019.09.30"]
[SourceQuality "1"]

1. Nf3 c5 2. c4 Nc6 3. Nc3 g6 4. g3 Bg7 5. Bg2 d6 6. 0-0 Bf5 7. b3 Qd7 8. Bb2 Bh3 9. Qc1 e5 10. Nd5 Rc8 11. Bxh3 Qxh3 12. Ng5 Qg4 13. f4 Nf6 14. fxe5 Nxd5 15. cxd5 Nd4 16. Bxd4 cxd4 17. Qa3 0-0 18. Nxf7 Rxf7 19. Rxf7 Kxf7 20. Qxd6 Rf8 21. e6+ Kg8 22. e7 Re8 23. Qd8 Qc8 24. Qxc8 Rxc8 25. d6 d3 26. d7 1-0

[Event "ESP-ch U18"]
[Site "Salobrena"]
[Date "2019.07.24"]
[Round "5"]
[White "Galiana Fernandez, Adrian"]
[Black "Rodriguez del Cerro, Ricardo"]
[Result "1/2-1/2"]
[WhiteElo "2302"]
[BlackElo "2235"]
[PlyCount "117"]
[EventDate "2019.07.22"]
[EventType "swiss"]
[EventRounds "9"]
[EventCountry "ESP"]
[SourceTitle "CBM 191 Extra"]
[Source "ChessBase"]
[SourceDate "2019.09.30"]
[SourceVersion "1"]
[SourceVersionDate "2019.09.30"]
[SourceQuality "1"]

1. Nf3 Nf6 2. c4 e6 3. g3 d5 4. Bg2 Be7 5. 0-0 0-0 6. d4 dxc4 7. Ne5 Nc6 8. Bxc6 bxc6 9. Nxc6 Qe8 10. Nxe7+ Qxe7 11. b3 cxb3 12. Qxb3 Qd7 13. Ba3 Rd8 14. Nc3 Ba6 15. Rfd1 Nd5 16. e4 Rab8 17. Qc2 Nxc3 18. Qxc3 Bb7 19. f3 f5 20. Qe3 fxe4 21. fxe4 Qc6 22. Re1 Qc4 23. Rad1 Qxa2 24. Rc1 Ba8 25. Rxc7 Rb1 26. Rec1 Rxc1+ 27. Rxc1 h6 28. Bb4 Qb2 29. Bc3 Qb7 30. d5 exd5 31. Rd1 d4 32. Rxd4 Qb1+ 33. Kg2 Rf8 34. Qe2 Re8 35. Rd7 Bxe4+ 36. Kf2 Rf8+ 37. Ke3 Rf3+ 38. Qxf3 Bxf3 39. Rxg7+ Kf8 40. Kxf3 Qd3+ 41. Kg2 Qxc3 42. Rxa7 Qc6+ 43. Kh3 Qe6+ 44. Kg2 Qe2+ 45. Kh3 h5 46. Ra3 Kg7 47. Ra7+ Kg6 48. Ra3 Qg4+ 49. Kg2 Qe2+ 50. Kg1 Qe1+ 51. Kg2 Qd2+ 52. Kh3 Kg5 53. Rf3 Qe2 54. Rf4 Qd1 55. Kg2 Qd2+ 56. Kh1 Qe2 57. Kg1 Qd1+ 58. Kg2 Qd2+ 59. Kh1 1/2-1/2

[Event "ESP-ch U18"]
[Site "Salobrena"]
[Date "2019.07.23"]
[Round "3"]
[White "Martin Perez, Pau"]
[Black "Rodriguez del Cerro, Ricardo"]
[Result "0-1"]
[WhiteElo "1955"]
[BlackElo "2235"]
[PlyCount "142"]
[EventDate "2019.07.22"]
[EventType "swiss"]
[EventRounds "9"]
[EventCountry "ESP"]
[SourceTitle "CBM 191 Extra"]
[Source "ChessBase"]
[SourceDate "2019.09.30"]
[SourceVersion "1"]
[SourceVersionDate "2019.09.30"]
[SourceQuality "1"]

1. Nf3 Nf6 2. b3 e6 3. Bb2 d5 4. c4 c5 5. e3 Nc6 6. cxd5 exd5 7. Bb5 Bd6 8. 0-0 0-0 9. d4 cxd4 10. Nxd4 Bc7 11. Nd2 Nxd4 12. Bxd4 Qd6 13. g3 Bh3 14. Re1 Ne4 15. Nxe4 dxe4 16. Qh5 Qe6 17. Qg5 f6 18. Qh4 Kh8 19. Bf1 Bg4 20. Be2 Bxe2 21. Rxe2 Qf5 22. Rc2 Bd6 23. Rac1 Rfd8 24. Bb2 b5 25. h3 a5 26. Qg4 Qxg4 27. hxg4 Kg8 28. Rd1 Kf7 29. Rd4 a4 30. Rcd2 Be7 31. bxa4 Rxd4 32. Bxd4 Rxa4 33. Rb2 b4 34. Kg2 Ke6 35. f4 exf3+ 36. Kxf3 h6 37. Rc2 Bd6 38. Rb2 Be5 39. Bxe5 fxe5 40. Rd2 g5 41. Rb2 Kd5 42. Rd2+ Kc4 43. Ke4 Kc3 44. Rd3+ Kc4 45. Rd2 Ra3 46. Re2 Kc3 47. Kxe5 Kd3 48. Rb2 Kxe3 49. Rxb4 Kf2 50. Rb3 Rxa2 51. Kf6 Ra6+ 52. Kg7 Kg2 53. Rd3 Kh3 54. Rd4 Kxg3 55. Rb4 Kh4 56. Rc4 h5 57. gxh5+ Kxh5 58. Rc1 g4 59. Rh1+ Kg5 60. Rg1 Kf4 61. Rf1+ Kg3 62. Rb1 Kh3 63. Rg1 g3 64. Rh1+ Kg2 65. Rh5 Kg1 66. Rg5 g2 67. Rh5 Ra2 68. Rf5 Ra3 69. Rb5 Rg3+ 70. Kf6 Kf2 71. Rb2+ Kf3 0-1

[Event "Dos Hermanas rapid 31st"]
[Site "Dos Hermanas"]
[Date "2019.05.25"]
[Round "8"]
[White "Rodriguez del Cerro, Ricardo"]
[Black "Cesar Maestre, Bernardo"]
[Result "1/2-1/2"]
[WhiteElo "2231"]
[BlackElo "2027"]
[PlyCount "113"]
[EventDate "2019.05.25"]
[EventType "swiss (rapid)"]
[EventRounds "8"]
[EventCountry "ESP"]
[SourceTitle "CBM 190 Extra"]
[Source "ChessBase"]
[SourceDate "2019.07.15"]
[SourceVersion "1"]
[SourceVersionDate "2019.07.15"]
[SourceQuality "1"]

1. d4 Nf6 2. Nf3 g6 3. c4 Bg7 4. Nc3 d6 5. g3 0-0 6. Bg2 Nbd7 7. 0-0 e5 8. h3 a6 9. dxe5 dxe5 10. Be3 c6 11. Qb3 Qc7 12. Rfd1 Re8 13. Ng5 h6 14. Nge4 Nxe4 15. Nxe4 b6 16. Rd2 a5 17. Qa4 Re6 18. Rad1 Bf8 19. c5 bxc5 20. Qc2 Rb8 21. Nxc5 Nxc5 22. Bxc5 Bxc5 23. Qxc5 Ba6 24. Bf3 Qb6 25. Qc2 Kg7 26. b3 Rbe8 27. Rd6 Bb7 28. Rxe6 Rxe6 29. Rd7 Bc8 30. Rd1 Bb7 31. Qe4 Qc7 32. Qc4 Rd6 33. Rxd6 Qxd6 34. Qc3 Qc7 35. Qc5 f5 36. e4 f4 37. gxf4 exf4 38. e5 Kf7 39. Bd5+ Kg7 40. Qd6 Qxd6 41. exd6 Kf8 42. Be6 g5 43. h4 Ke8 44. hxg5 hxg5 45. Kh2 c5 46. Kh3 Bf3 47. Bg4 Bd5 48. Bf5 Bf3 49. Bg4 Bd5 50. d7+ Kd8 51. Bf5 Bf3 52. Be6 Ke7 53. Bf5 Kd8 54. Bg4 Bd5 55. Bf5 Bf3 56. Bg4 Bd5 57. Bf5 1/2-1/2

[Event "La Roda op 46th"]
[Site "La Roda"]
[Date "2019.04.18"]
[Round "3"]
[White "Suarez Uriel, Adrian"]
[Black "Rodriguez del Cerro, Ricardo"]
[Result "1-0"]
[WhiteElo "2397"]
[BlackElo "2229"]
[PlyCount "65"]
[EventDate "2019.04.17"]
[EventType "swiss"]
[EventRounds "9"]
[EventCountry "ESP"]
[SourceTitle "CBM 189 Extra"]
[Source "ChessBase"]
[SourceDate "2019.06.03"]
[SourceVersion "1"]
[SourceVersionDate "2019.06.03"]
[SourceQuality "1"]

1. e4 e5 2. Nf3 Nc6 3. Bc4 Bc5 4. d3 Nf6 5. 0-0 0-0 6. h3 d5 7. exd5 Nxd5 8. Nbd2 f6 9. Ne4 Bb6 10. b4 Ncxb4 11. Ba3 c5 12. c3 Nc6 13. Nxc5 Rf7 14. d4 Na5 15. Bd3 Bxc5 16. dxc5 Be6 17. Qc2 g6 18. Rad1 Qc7 19. Rfe1 Nf4 20. Bf1 Bc4 21. Qa4 Bxf1 22. Kxf1 b5 23. Qxb5 Rb8 24. Qa6 Re7 25. Rd6 e4 26. Nd4 Nd3 27. Nb5 Qc8 28. Qxc8+ Rxc8 29. Rxd3 exd3 30. Rxe7 d2 31. Ke2 Nc4 32. Re4 Rd8 33. Kd1 1-0

[Event "Seville-ch"]
[Site "Seville"]
[Date "2017.03.25"]
[Round "9"]
[White "Rodriguez del Cerro, Ricardo"]
[Black "Aranaz Portugues, Jose Carlos"]
[Result "0-1"]
[WhiteElo "1870"]
[BlackElo "2081"]
[PlyCount "98"]
[EventDate "2017.01.28"]
[EventType "swiss"]
[EventRounds "9"]
[EventCountry "ESP"]
[SourceTitle "EXT 2018"]
[Source "ChessBase"]
[SourceDate "2017.10.13"]
[SourceVersion "1"]
[SourceVersionDate "2017.10.13"]
[SourceQuality "1"]

1. e4 e6 2. d4 d5 3. Bd3 c5 4. exd5 exd5 5. Nf3 Nc6 6. 0-0 c4 7. Re1+ Be7 8. Bf1 Nf6 9. b3 cxb3 10. axb3 Bg4 11. Bb5 0-0 12. Bxc6 bxc6 13. Qd3 Re8 14. Ne5 Bd6 15. Bg5 Qc7 16. Nd2 Bxe5 17. dxe5 Rxe5 18. Bxf6 gxf6 19. Qd4 Bh5 20. b4 Rae8 21. Rxe5 Qxe5 22. Qxa7 Qc3 23. Nf1 Qxc2 24. Qd7 Kf8 25. Qd6+ Kg7 26. Ne3 Qc3 27. Rb1 Bg6 28. Rd1 Re6 29. Qg3 Qe5 30. Qh4 Qe4 31. Qxe4 Rxe4 32. Nc2 Rc4 33. Nd4 Bc2 34. Nxc2 Rxc2 35. g3 f5 36. b5 Kf6 37. bxc6 Ke5 38. Ra1 Rxc6 39. Ra7 d4 40. Kf1 Ke4 41. Rxf7 Kd3 42. Rxf5 Kc2 43. Ra5 d3 44. Ra2+ Kc1 45. Ra5 d2 46. Ra1+ Kc2 47. Ra2+ Kd3 48. Ra3+ Rc3 49. Ra1 Rc1+ 0-1

[Event "Seville op 42nd"]
[Site "Seville"]
[Date "2017.01.16"]
[Round "4"]
[White "Rodriguez del Cerro, Ricardo"]
[Black "Kogan, Artur"]
[Result "0-1"]
[WhiteElo "1870"]
[BlackElo "2530"]
[PlyCount "78"]
[EventDate "2017.01.13"]
[EventType "swiss"]
[EventRounds "9"]
[EventCountry "ESP"]
[SourceTitle "EXT 2019"]
[Source "ChessBase"]
[SourceDate "2018.10.10"]
[SourceVersion "1"]
[SourceVersionDate "2018.10.10"]
[SourceQuality "1"]

1. d4 d5 2. c4 dxc4 3. e4 Nc6 4. d5 Ne5 5. Nf3 Bg4 6. Bf4 Bxf3 7. gxf3 Ng6 8. Bg3 e5 9. dxe6 Qxd1+ 10. Kxd1 fxe6 11. Bxc7 Rc8 12. Bg3 Bb4 13. Kc2 N8e7 14. Nc3 0-0 15. Ne2 Nc6 16. Rd1 Rxf3 17. Bh3 Re8 18. Nd4 Nxd4+ 19. Rxd4 b5 20. Rd7 Bc5 21. Bg4 Rf7 22. Rhd1 Rfe7 23. Rxe7 Rxe7 24. Bd6 Bxd6 25. Rxd6 Nf4 26. a4 bxa4 27. Kc3 Kf7 28. Bd1 Nd3 29. Bxa4 Nxf2 30. Kxc4 Nxe4 31. Rd4 Nf6 32. Rd2 g5 33. Kb5 e5 34. Re2 e4 35. Bc2 e3 36. Kc4 Nh5 37. Kd4 Nf4 38. Rxe3 Rd7+ 39. Kc5 Rc7+ 0-1

[Event "ESP-ch U14"]
[Site "Granada"]
[Date "2016.07.15"]
[Round "7"]
[White "Fernandez Garcia, Gumersindo"]
[Black "Rodriguez del Cerro, Ricardo"]
[Result "0-1"]
[WhiteElo "1623"]
[BlackElo "1890"]
[PlyCount "52"]
[EventDate "2016.07.11"]
[EventType "swiss"]
[EventRounds "9"]
[EventCountry "ESP"]
[SourceTitle "EXT 2024"]
[Source "ChessBase"]
[SourceDate "2023.10.10"]
[SourceVersion "1"]
[SourceVersionDate "2023.10.10"]
[SourceQuality "1"]

1. d4 Nf6 2. c4 c5 3. d5 e6 4. Nc3 exd5 5. cxd5 d6 6. e4 g6 7. f3 Nh5 8. Nge2 Nd7 9. Be3 Ne5 10. Ng3 Ng7 11. Be2 f5 12. 0-0 Be7 13. Qd2 0-0 14. Rad1 f4 15. Bf2 fxg3 16. Bxg3 Bf6 17. f4 Ng4 18. Bxg4 Bxg4 19. Rde1 Nh5 20. e5 Nxg3 21. hxg3 Bg7 22. e6 Qf6 23. Ne4 Qd4+ 24. Qxd4 Bxd4+ 25. Kh2 Rf5 26. Nxd6 Rh5# 0-1

[Event "ESP-ch U14"]
[Site "Granada"]
[Date "2016.07.14"]
[Round "6"]
[White "Rodriguez del Cerro, Ricardo"]
[Black "Prats Fares, Nahuel"]
[Result "1/2-1/2"]
[WhiteElo "1890"]
[BlackElo "1581"]
[PlyCount "39"]
[EventDate "2016.07.11"]
[EventType "swiss"]
[EventRounds "9"]
[EventCountry "ESP"]
[SourceTitle "EXT 2024"]
[Source "ChessBase"]
[SourceDate "2023.10.10"]
[SourceVersion "1"]
[SourceVersionDate "2023.10.10"]
[SourceQuality "1"]

1. Nf3 Nf6 2. c4 b6 3. Nc3 Bb7 4. d4 e6 5. Qc2 d5 6. cxd5 Nxd5 7. Nxd5 Qxd5 8. e3 Bd6 9. Bd2 Nd7 10. Bd3 Nf6 11. Rc1 0-0 12. 0-0 Bxh2+ 13. Kxh2 Qh5+ 14. Kg1 Bxf3 15. gxf3 Qg5+ 16. Kh1 Qh4+ 17. Kg2 Qg5+ 18. Kh1 Qh4+ 19. Kg2 Qg5+ 20. Kh1 1/2-1/2

[Event "ESP-ch U14"]
[Site "Granada"]
[Date "2016.07.12"]
[Round "3"]
[White "Ledesma Claros, Daniel"]
[Black "Rodriguez del Cerro, Ricardo"]
[Result "1-0"]
[WhiteElo "1828"]
[BlackElo "1890"]
[PlyCount "63"]
[EventDate "2016.07.11"]
[EventType "swiss"]
[EventRounds "9"]
[EventCountry "ESP"]
[SourceTitle "EXT 2024"]
[Source "ChessBase"]
[SourceDate "2023.10.10"]
[SourceVersion "1"]
[SourceVersionDate "2023.10.10"]
[SourceQuality "1"]

1. e4 Nf6 2. e5 Nd5 3. c4 Nb6 4. d4 d6 5. exd6 exd6 6. Nc3 Be7 7. Nf3 Bg4 8. Be2 0-0 9. 0-0 Bf6 10. Be3 Nc6 11. b3 Re8 12. h3 Bf5 13. Bd3 Qd7 14. Rc1 Nb4 15. Bxf5 Qxf5 16. a3 Nd3 17. Qc2 Qg6 18. Rcd1 Ne5 19. Ne1 Nf3+ 20. Kh1 Nxe1 21. Qxg6 hxg6 22. Rfxe1 c6 23. g4 d5 24. c5 Nd7 25. g5 Be7 26. h4 b6 27. b4 a5 28. b5 Rac8 29. bxc6 Rxc6 30. Nxd5 bxc5 31. Bf4 Re6 32. Nc7 1-0

[Event "Seville op 41st"]
[Site "Seville"]
[Date "2016.01.13"]
[Round "6"]
[White "Sarkar, Justin"]
[Black "Rodriguez del Cerro, Ricardo"]
[Result "1-0"]
[WhiteElo "2407"]
[BlackElo "1704"]
[PlyCount "21"]
[EventDate "2016.01.08"]
[EventType "swiss"]
[EventRounds "9"]
[EventCountry "ESP"]
[SourceTitle "CBM 170 Extra"]
[Source "ChessBase"]
[SourceDate "2016.02.25"]
[SourceVersion "1"]
[SourceVersionDate "2016.02.25"]
[SourceQuality "1"]

1. e4 c6 2. d4 d5 3. e5 Bf5 4. Nf3 h6 5. Nh4 Bh7 6. e6 fxe6 7. Bd3 Nf6 8. Bxh7 Nxh7 9. Ng6 Rg8 10. 0-0 Nf6 11. Nf4 1-0

[Event "Andalucia-ch U12"]
[Site "Huelva"]
[Date "2014.04.25"]
[Round "4.4"]
[White "Rodriguez del Cerro, Ricardo"]
[Black "Lechuga Cabrero, Luis Miguel"]
[Result "0-1"]
[WhiteElo "1645"]
[BlackElo "1680"]
[PlyCount "40"]
[EventDate "2014.04.25"]
[EventType "swiss"]
[EventRounds "9"]
[EventCountry "ESP"]
[SourceTitle "EXT 2024"]
[Source "ChessBase"]
[SourceDate "2023.10.10"]
[SourceVersion "1"]
[SourceVersionDate "2023.10.10"]
[SourceQuality "1"]

1. e4 c5 2. Nf3 Nc6 3. d4 cxd4 4. Nxd4 Nf6 5. Nc3 e5 6. Ndb5 d6 7. Bg5 a6 8. Na3 b5 9. Nd5 Be7 10. Bxf6 Bxf6 11. c3 0-0 12. Be2 Bg5 13. 0-0 f5 14. Bf3 f4 15. Rc1 Be6 16. Qd2 Rb8 17. Nc2 Qd7 18. Ncb4 a5 19. Nxc6 Qxc6 20. Rfd1 Rfc8 0-1